000 00765nam a22002055i 4500
001 166202
003 ES-MaACL
005 20250702063124.0
008 050913s1857 fr | |||||||| ||fre d
040 _aCAM
_bspa
_cCAM
100 1 _aThackeray, William Makepeace,
_d1811-1863
_9109858
245 1 3 _aLe livre des snobs /
_cpar W.M. Thackeray ; traduit de l'anglais, avec l'autorisation de l'auteur, par Georges Guiffrey.
260 _aParis :
_bLibrairie de L. Hachette et C.,
_c[s.a.] (
_fTypographie de Ch. Lahure)
300 _a248 p. ;
_c19 cm.
596 _aLa BN-Opale plus lo fecha ca. 1857.
700 1 _aGuiffrey, Georges.
_9127614
852 _aES-MaACL
_jF-11146
_z-- Enc. pasta espaƱola
999 _c166202
_d166202